Statistiques concernant Les pays organisateurs des grands évènements sportifs

Cliquez ici pour prendre le quiz!

Statistiques générales

  • Ce quiz a été pris 664 fois
  • Le résultat moyen est 89 sur 95

Statistiques - réponses

CompétitionPays% Correct
JO 1900France
100%
Euro 1984France
100%
Euro 1960France
100%
Coupe du Monde 1998France
100%
JO d'hiver 1992France
100%
JO 1924France
100%
JO d'hiver 1924France
100%
Euro 2016France
100%
JO d'hiver 1968France
100%
Coupe du Monde 1938France
100%
JO d'hiver 1936Allemagne
99%
Coupe du Monde 2006Allemagne
99%
JO 1936Allemagne
99%
JO 1972Allemagne de l'Ouest
99%
Euro 1988Allemagne de l'Ouest
99%
Coupe du Monde 1974Allemagne de l'Ouest
99%
Coupe du Monde 1966Angleterre
99%
Euro 1996Angleterre
99%
JO d'hiver 1998Japon
99%
JO d'hiver 1972Japon
99%
Coupe du Monde 2002Japon
99%
JO 1964Japon
99%
JO 2020Japon
99%
JO 2012Royaume-Uni
99%
JO 1948Royaume-Uni
99%
JO 1908Royaume-Uni
99%
JO d'hiver 2014Russie
99%
Coupe du Monde 2018Russie
99%
JO 1980Union soviétique
99%
Coupe du Monde 1950Brésil
98%
Coupe du Monde 2014Brésil
98%
JO 2016Brésil
98%
JO 1992Espagne
98%
Euro 1964Espagne
98%
Coupe du Monde 1982Espagne
98%
JO 1960Italie
98%
JO d'hiver 1956Italie
98%
Euro 1980Italie
98%
JO d'hiver 2006Italie
98%
Euro 1968Italie
98%
Coupe du Monde 1990Italie
98%
Coupe du Monde 1934Italie
98%
JO 2008Chine
97%
JO d'hiver 2022Chine
97%
JO 2004Grèce
97%
JO 1896Grèce
97%
JO d'hiver 1988Canada
95%
JO 1976Canada
95%
JO d'hiver 2010Canada
95%
Coupe du Monde 2010Afrique du Sud
94%
Coupe du Monde 1986Mexique
94%
Coupe du Monde 1970Mexique
94%
JO 1968Mexique
94%
Coupe du Monde 2022Qatar
94%
JO d'hiver 2018Corée du Sud
93%
JO 1988Corée du Sud
93%
Coupe du Monde 2002Corée du Sud
93%
JO 1996Etats-Unis
93%
JO 1904Etats-Unis
93%
JO 1932Etats-Unis
93%
JO d'hiver 1932Etats-Unis
93%
JO d'hiver 1960Etats-Unis
93%
JO d'hiver 2002Etats-Unis
93%
JO 1984Etats-Unis
93%
JO d'hiver 1980Etats-Unis
93%
Coupe du Monde 1994Etats-Unis
93%
Euro 2004Portugal
93%
Coupe du Monde 1978Argentine
92%
Coupe du Monde 1958Suède
92%
JO 1912Suède
92%
Euro 1992Suède
92%
JO d'hiver 1928Suisse
92%
Euro 2008Suisse
92%
JO d'hiver 1948Suisse
92%
Coupe du Monde 1954Suisse
92%
JO 2000Australie
91%
JO 1956Australie
91%
Euro 1972Belgique
89%
Euro 2000Belgique
89%
JO 1920Belgique
89%
JO d'hiver 1952Norvège
89%
JO d'hiver 1994Norvège
89%
Euro 2000Pays-Bas
89%
JO 1928Pays-Bas
89%
JO d'hiver 1976Autriche
88%
JO d'hiver 1964Autriche
88%
Euro 2008Autriche
88%
Euro 2012Pologne
88%
Coupe du Monde 1930Uruguay
87%
Euro 2012Ukraine
85%
JO 1952Finlande
83%
Coupe du Monde 1962Chili
73%
JO d'hiver 1984Yougoslavie
66%
Euro 1976Yougoslavie
66%
Euro 2020Europe
56%

Distribution des résultats

Percentile par nombre de réponses

% des personnes avec chaque résultat

Votre développement - résultats

Vous n’avez pas pris ce quiz